Movies Quiz

Random Movies or Cast Quiz

Animal House Frat Members Quiz Stats

 Plays Quiz Updated Feb 7, 2020

     
Support Sporcle.
Go Orange.
Score 0/9 Timer 03:00
0 Plays Today
Actor Character % Correct
John BelushiJohn 'Bluto' Blutarsky
86.2%
Stephen FurstKent 'Flounder' Dorfman
83.2%
Tim MathesonEric 'Otter' Stratton
75.3%
Bruce McGillDaniel Simpson 'D-Day' Day
68.5%
Thomas HulceLawrence 'Pinto' Kroger
55.6%
Peter RiegertDonald 'Boon' Schoenstein
47.7%
Douglas Kenney'Stork'
33.2%
James WiddoesRobert Hoover
24.9%
Chris MillerCurtis Wayne 'Hardbar' Fuller
5.6%

From the Vault

Heisman and Super Bowl MVP Winners

by onemorething81

Sports 60s
This is some epic career success.
Remove Ads.
Support Sporcle.
Get the best of Sporcle when you Go Orange. This ad-free experience offers more features, more stats, and more fun while also helping to support Sporcle. Thank you for becoming a member.

Show Comments

Extras

Top Quizzes Today


Score Distribution

Your Account Isn't Verified!

In order to create a playlist on Sporcle, you need to verify the email address you used during registration. Go to your Sporcle Settings to finish the process.

Report this User

Report this user for behavior that violates our Community Guidelines.

Details: